000 00624nam a22001337a 4500
040 _cRUA
082 _aFIS SOR 2021 B473 Or.
100 _aSORN KHEANN សន​ ឃាន់
245 _aTHE EFFECT OF HORMONES LRH-A DOSAGES TO SNAKESKIN GOURAMI (Trichogaster petoralis)INDUCED BREEDING. ឥទ្ធិពលកម្រិតដូសនៃអ័រម៉ូន LRH-A តៅលើការបង្កាត់ត្រីកន្ធរ
260 _aPhnom Penh
_bRUA
_c2021
300 _aXII.38P
_bIX.
_c29CM
856 _uhttps://drive.google.com/file/d/1VMWM69rHaJWnFMR3lvhmzCcxlxH8tS4I/view?usp=sharing
942 _cFIS
999 _c22598
_d22598